MARC

LEADER 00000nam0a2200000 4500
001 365284
005 20231102011754.0
035 |a (RuTPU)RU\TPU\retro\22647 
090 |a 365284 
100 |a 20211222d1981 m y0rusy50 ca 
101 0 |a rus 
102 |a RU 
105 |a ac z 000zd 
200 1 |a Летчики  |e сборник  |f сост. В. Митрошенков 
205 |a 2-е изд. 
210 |a Москва  |c Молодая гвардия  |d 1981 
215 |a 240 с.  |c ил. 
225 1 |a Жизнь замечательных людей. Серия биографий  |v Вып. 4(583) 
320 |a Библиогр. в конце ст. 
600 1 |a Горовец  |b А. К.  |c участник Великой Отечественной войны 1941-1945  |c гвардии старший лейтенант  |c Герой Советского Союза  |f 1915-1943  |g Александр Константинович  |2 stltpush  |3 (RuTPU)RU\TPU\pers\46501  |9 22166 
606 1 |a Летчики  |x Персоналии  |2 stltpush  |3 (RuTPU)RU\TPU\subj\80588  |9 88229 
610 1 |a военно-воздушные силы 
610 1 |a Великая Отечественная война 1941-1945 
610 1 |a Герои Советского Союза 
610 1 |a подвиги 
610 1 |a история 
610 1 |a боевые операции 
675 |a 629.73(092)  |v 4 
702 1 |a Митрошенков  |b В.  |4 220 
801 1 |a RU  |b 63413507  |c 20211222 
942 |c BK